[Event "Ch Europe (juniors) (under 14) (g)"]
[Site "Rimavska Sobota (Slovakia)"]
[Round "6"]
[White "Samborska Marta (POL)"]
[Black "Ismailova Parvana (AZE)"]
[Result "0-1"]
[WhiteElo "2064"]
[BlackElo "2080"]

1.e4 c6 2.d4 d5 3.Nd2 dxe4 4.Nxe4 Bf5 5.Ng3 Bg6 6.h4 h6 7.f4 e6 8.Nf3 Nd7 9.h5
Bh7 10.Bd3 Bxd3 11.Qxd3 Qc7 12.Bd2 O-O-O 13.Qe2 c5 14.Ne5 Nb6 15.dxc5 Bxc5
16.O-O-O Nf6 17.Ne4 Nxe4 18.Qxe4 Rd4 19.Qe2 Rhd8 20.Nd3 Bf8 21.Bc3 Rc4 22.Be5
Qc6 23.b3 Re4 24.Qf3 Ba3+ 25.Kb1 Nd5 26.c4 Ne3 27.Rd2 Nf5 28.Rhd1 Ne3 29.Rh1
f6 30.Bc3 Nxc4 31.bxc4 Qb6+ 32.Bb2 Red4 33.c5 Qb5 34.Qe3 Rxd3 35.Qxe6+ Kb8
36.Rc2 Rd1+ {#R} 0-1

[Event "Ch Europe (juniors) (under 18)"]
[Site "Rimavska Sobota (Slovakia)"]
[Round "8"]
[White "Pap Misa (SRB)"]
[Black "Mozeris Viktoras (LTU)"]
[Result "1-0"]
[WhiteElo "2195"]
[BlackElo "2083"]

1.e4 c6 2.d4 d5 3.Nd2 dxe4 4.Nxe4 Bf5 5.Ng3 Bg6 6.h4 h6 7.f4 e6 8.Nf3 Nd7 9.h5
Bh7 10.Bd3 Bxd3 11.Qxd3 Qc7 12.Bd2 Bd6 13.Ne5 Ne7 14.O-O-O Rf8 15.Ne4 O-O-O
16.Nxd6+ Qxd6 17.Nc4 Qd5 18.Bb4 c5 19.dxc5 Qxd3 20.Rxd3 Nd5 21.Ba3 Rg8 22.c6
bxc6 23.Nd6+ Kc7 24.Nxf7 Ra8 25.c4 N5b6 26.Bd6+ Kb7 27.b3 a5 28.Re1 Rge8
29.Ba3 Kc7 30.Bd6+ Kb7 31.a4 Nf6 32.Be5 Re7 33.Nd6+ Ka7 34.Bxf6 gxf6 35.Nf5
Ree8 36.Nd4 {#r} 1-0

[Event "Olympiad (w)"]
[Site "Yerevan (Armenia)"]
[Round "2"]
[White "Dworakowska Joanna (POL)"]
[Black "Reprun Nadejda (ISR)"]
[Result "1/2-1/2"]
[WhiteElo "2295"]
[BlackElo "2143"]

1.e4 c6 2.d4 d5 3.Nd2 dxe4 4.Nxe4 Bf5 5.Ng3 Bg6 6.h4 h6 7.f4 Nf6 8.Bc4 e6
9.Qe2 Be7 10.h5 Bf5 11.Nxf5 Qa5+ 12.Bd2 Qxf5 13.O-O-O Qg4 14.Nf3 Nxh5 15.Qe5
Nf6 16.Qc7 Nbd7 17.Ne5 Nxe5 18.dxe5 Nd7 19.Qxb7 Rd8 20.Qxc6 O-O 21.Be3 Bc5
22.Qe4 Bxe3+ 23.Qxe3 Nb6 24.Be2 Rxd1+ 25.Rxd1 Qxg2 26.Bf3 Qg3 27.Rg1 Qh3
28.Qf2 Qf5 29.Qg3 g6 30.Re1 Nd5 31.Bxd5 exd5 32.Rd1 Rc8 {#d} 1/2-1/2

[Event "It (open)"]
[Site "Balatonbereny (Hungary)"]
[Round "7"]
[White "Pergel Laszlo (HUN)"]
[Black "Schaller Sven (GER)"]
[Result "1-0"]
[WhiteElo "2245"]
[BlackElo "2315"]

1.e4 c6 2.d4 d5 3.Nd2 dxe4 4.Nxe4 Bf5 5.Ng3 Bg6 6.h4 h6 7.f4 Qc7 8.Nf3 Nd7
9.h5 Bh7 10.Bd3 Bxd3 11.Qxd3 e6 12.Bd2 O-O-O 13.O-O-O Bd6 14.Qe3 Ngf6 15.Ne5
Nb6 16.Qe2 Rhe8 17.Kb1 Kb8 18.Ba5 Nfd5 19.c4 Nxf4 20.Qe4 c5 21.Qxf4 cxd4
22.Bxb6 axb6 23.Qxf7 Bxe5 24.Qxc7+ Kxc7 25.Ne4 Rf8 26.Rhf1 Rf5 27.g4 Rf4
28.Rxf4 Bxf4 29.Kc2 e5 30.a4 Ra8 31.b3 Kd7 32.Kd3 Ke6 33.Ra1 g6 34.hxg6 Rg8
35.a5 Rxg6 36.a6 bxa6 37.Rxa6 Ke7 38.c5 Rxg4 39.cxb6 Rg8 40.Ra7+ Ke6 41.b7 Rb8
42.Ra8 Rxb7 43.Nc5+ Kd5 44.Nxb7 e4+ 45.Kc2 d3+ 46.Kc3 Be5+ 47.Kb4 Kd4 48.Rd8+
Ke3 49.Nd6 Bf6 50.Nc4+ Ke2 51.Re8 d2 52.Rxe4+ Kd3 53.Nxd2 Bc3+ 54.Kc5 Bxd2
55.Rd4+ Kc2 56.b4 Be3 57.b5 {#r} 1-0

[Event "It (open) \"]
[Site "Berlin (Germany)"]
[Round "3"]
[White "Fogarasi Tibor (HUN)"]
[Black "Ahlberg Guenter (GER)"]
[Result "1-0"]
[WhiteElo "2475"]
[BlackElo "2230"]

1.e4 c6 2.d4 d5 3.Nc3 dxe4 4.Nxe4 Bf5 5.Ng3 Bg6 6.h4 h6 7.f4 e6 8.Nf3 Nd7 9.h5
Bh7 10.Bd3 Bxd3 11.Qxd3 Qc7 12.Bd2 Ngf6 13.Ne5 Nb6 14.O-O-O O-O-O 15.Kb1 Bd6
16.Qe2 Rhe8 17.c4 c5 18.Ba5 Qe7 19.b4 cxb4 20.c5 Nbd5 21.Bxd8 Qxd8 22.Rc1 Bf8
23.Nxf7 Qd7 24.Ne5 Qa4 25.Qc2 Nc3+ 26.Ka1 Qa5 27.f5 Nfd5 28.Rhe1 Be7 29.Ne4
Nxe4 30.Rxe4 Nc3 31.Ree1 Bg5 32.Nc4 Qa6 33.Nd6+ Kd8 34.Nxe8 Bxc1 35.Nxg7 Qc4
36.Nxe6+ Kc8 {#r} 1-0

[Event "Ch World (juniors) (under 14)"]
[Site "Cannes (France)"]
[Round "1"]
[White "Bhat Vinay S (USA)"]
[Black "Gvatua Valeri (GEO)"]
[Result "1-0"]
[WhiteElo "2235"]
[BlackElo "2072"]

1.e4 c6 2.d4 d5 3.Nd2 dxe4 4.Nxe4 Bf5 5.Ng3 Bg6 6.h4 h6 7.f4 e6 8.Nf3 Nf6 9.h5
Bh7 10.Bd3 Bxd3 11.Qxd3 Qc7 12.Bd2 Nbd7 13.O-O-O O-O-O 14.Qe2 c5 15.Ne5 Nxe5
16.dxe5 Nd5 17.c4 Nb4 18.Bxb4 cxb4 19.Rxd8+ Qxd8 20.Rd1 Qc7 21.Ne4 Be7 22.b3
Rd8 23.Rxd8+ Qxd8 24.Qe3 b6 25.g4 f6 26.exf6 Bxf6 27.g5 Bd4 28.Qd3 e5 29.Qh3+
Kc7 30.gxh6 gxh6 31.f5 Qg8 32.Qg3 Qxg3 33.Nxg3 Kd7 34.Kd2 Ke7 35.Ne4 Bc5
36.Ke2 Kf7 37.Kf3 Ke7 38.Kg4 Kf7 39.Kf3 Bg1 40.Kg3 Ke7 41.Kf3 Bh2 42.Nf2 Bf4
43.Ng4 Kd6 44.Ke4 a5 45.Nf6 Bg5 46.Nd5 Bd8 47.Ne3 Bg5 48.Nd5 Bd8 49.f6 Ke6
50.f7 Kxf7 51.Kxe5 {#r} 1-0

[Event "It (open)"]
[Site "Cseppko (Hungary)"]
[Round "2"]
[White "Boer Jozsef (HUN)"]
[Black "Dobai Szabolcs (HUN)"]
[Result "0-1"]
[WhiteElo "2264"]
[BlackElo "2181"]

1.e4 c6 2.d4 d5 3.Nc3 dxe4 4.Nxe4 Bf5 5.Ng3 Bg6 6.h4 h6 7.f4 e6 8.Nf3 Nd7
9.Bd3 Bxd3 10.Qxd3 Ngf6 11.O-O Qc7 12.c3 Bd6 13.Ne5 O-O 14.Bd2 c5 15.Ne2 cxd4
16.cxd4 Nd5 17.Rac1 Qd8 18.Qb5 N7b6 19.Nf3 a6 20.Qb3 Qd7 21.Ne5 Qb5 22.Qxb5
axb5 23.a3 Rfc8 24.Nc3 Nxc3 25.Bxc3 Ra4 26.f5 Bxe5 27.dxe5 Rxh4 28.fxe6 fxe6
29.b3 Re4 30.Ba5 Rxc1 31.Rxc1 Nd5 32.Rc5 b6 33.Bxb6 Nxb6 34.Rxb5 Nd5 35.a4
Rxe5 36.a5 Re1+ 37.Kf2 Ra1 38.b4 Nxb4 39.Rxb4 Rxa5 40.Rb7 Kh7 41.Rb6 Re5
42.Kf3 Kg6 43.Kf4 Kf6 44.g4 Rc5 45.Rb8 Rc4+ 46.Kf3 g5 47.Rf8+ Ke5 48.Rh8 Rc3+
49.Kg2 Kf4 50.Rxh6 e5 51.Re6 e4 52.Kf2 Rc2+ 53.Kf1 Kf3 54.Ke1 Rg2 55.Rf6+ Ke3
56.Kf1 Rxg4 57.Ra6 Kf3 58.Ra8 Rf4 59.Kg1 e3 60.Ra3 Rd4 61.Ra2 Rd1+ 62.Kh2 Rd2+
63.Kh3 g4+ 64.Kh4 Rxa2 {#R} 0-1

[Event "It (open)"]
[Site "Cseppko (Hungary)"]
[Round "3"]
[White "Herman Tamas (HUN)"]
[Black "Csukerda Attila (HUN)"]
[Result "1-0"]
[WhiteElo "2312"]
[BlackElo "2043"]

1.e4 c6 2.d4 d5 3.Nc3 dxe4 4.Nxe4 Bf5 5.Ng3 Bg6 6.h4 h6 7.f4 e6 8.Nf3 Nd7 9.h5
Bh7 10.Bd3 Bxd3 11.Qxd3 Ngf6 12.Bd2 Qc7 13.O-O-O O-O-O 14.Qe2 c5 15.Ne5 Nxe5
16.dxe5 Nd5 17.c4 Nb6 18.Ba5 Be7 19.Ne4 Qc6 20.Bxb6 Qxb6 21.Nc3 a6 22.Qg4 Rhg8
23.Rxd8+ Kxd8 24.Rd1+ Kc8 25.f5 exf5 26.Qxf5+ Qe6 27.Rf1 Rf8 28.Nd5 Kd7 29.g4
g6 30.hxg6 fxg6 31.Nb6+ {#r} 1-0

[Event "Ch MSS"]
[Site "Czech Republic"]
[Round "0"]
[White "Vyskocil Neklan (CZE)"]
[Black "Polak Tomas (CZE)"]
[Result "0-1"]
[WhiteElo "2260"]
[BlackElo "2470"]

1.e4 c6 2.d4 d5 3.Nc3 dxe4 4.Nxe4 Bf5 5.Ng3 Bg6 6.h4 h6 7.f4 e6 8.Nf3 Nd7 9.h5
Bh7 10.Bd3 Bxd3 11.Qxd3 Ngf6 12.Bd2 Qc7 13.Qe2 Bd6 14.Ne5 O-O 15.O-O-O Rad8
16.Ne4 Nxe4 17.Qxe4 f5 18.Qf3 Nf6 19.Nd3 Qb6 20.Be3 Qa5 21.Kb1 Qd5 22.Qe2 b5
23.Rhg1 a5 24.Nf2 Kh8 25.g4 fxg4 26.Nxg4 Qxh5 27.Qf3 Be7 28.Rg3 Nxg4 29.Rxg4
Bf6 30.Rh1 Qf5 31.Qg2 Kh7 32.Rg1 Rf7 33.Rg6 Rc8 34.Ka1 b4 35.Qe2 Rb7 36.R6g2
a4 37.Qa6 Qb5 38.Qxb5 Rxb5 39.Bf2 Rf5 40.Be3 Kg8 41.Kb1 Rb8 42.Kc1 Kf7 43.Re1
Rd5 44.Rd2 h5 45.Rd3 h4 46.Rh1 Rh5 47.Bf2 Kg6 48.Kd2 Kf5 49.Ke3 Be7 50.Kf3 h3
51.Bg3 Bd6 52.Bh2 Rf8 53.Re3 Rf6 54.Rg1 g5 55.Re4 Rg6 56.Re2 g4+ 57.Ke3 g3
58.Bxg3 Rxg3+ 59.Rxg3 Bxf4+ 60.Kf3 h2 {#R} 0-1

[Event "It (open) \"]
[Site "Debrecen (Hungary)"]
[Round "9"]
[White "Nagy Csaba (HUN)"]
[Black "Saller Imre (HUN)"]
[Result "1/2-1/2"]
[WhiteElo "2069"]
[BlackElo "1844"]

1.e4 c6 2.d4 d5 3.Nc3 dxe4 4.Nxe4 Bf5 5.Ng3 Bg6 6.h4 h6 7.f4 e6 8.Nf3 Nd7
9.Bd3 Bxd3 10.Qxd3 c5 11.Be3 Ngf6 12.O-O cxd4 13.Bxd4 Be7 14.Rad1 O-O 15.Qb5
Qc7 16.Bf2 a6 17.Qb3 b5 18.f5 e5 19.Nd2 Ng4 20.Nde4 Nxf2 21.Nxf2 Bxh4 22.Nge4
Rad8 23.Qh3 Bxf2+ 24.Rxf2 Nc5 25.Re1 Nxe4 26.Rxe4 Rd1+ 27.Kh2 f6 28.Qg3 Rfd8
29.Rh4 Kh8 30.Rf3 Qc5 31.Re3 R8d4 32.Rh3 Rf4 33.Qg6 Qf8 34.Rh5 Rff1 35.Kg3 Rd2
36.c3 e4 37.Kh2 Qd6+ 38.Rg3 Qf8 39.Rgh3 Qd6+ {#d} 1/2-1/2

[Event "Ch Czech Republic (juniors) (under 14) (g)"]
[Site "Hradec Kralove (Czech Republic)"]
[Round "3"]
[White "Markova Katerina (CZE)"]
[Black "Dvorakova Magda (CZE)"]
[Result "1-0"]
[WhiteElo "1615"]
[BlackElo "2035"]

1.e4 c6 2.d4 d5 3.Nc3 dxe4 4.Nxe4 Bf5 5.Ng3 Bg6 6.h4 h6 7.f4 e6 8.h5 Bh7 9.Nf3
Nd7 10.Bd3 Bxd3 11.Qxd3 Qc7 12.Bd2 O-O-O 13.O-O Bd6 14.Qc3 Ngf6 15.Ne5 Nd5
16.Qf3 N7f6 17.c4 Nb4 18.Rad1 Rhf8 19.c5 Bxe5 20.fxe5 Nfd5 21.Ne4 Nc2 22.Nd6+
Kb8 23.Bc1 Ncb4 24.a3 Na6 25.Rd3 Rd7 26.Rb3 Qd8 27.Qe2 Ka8 28.Rff3 Qh4 29.Rfd3
Nf4 30.Bxf4 Qxf4 31.Qe3 Qh4 32.Qh3 Qf4 33.Qg3 Qc1+ 34.Kh2 Qc2 35.Qxg7 Rfd8
36.Qxh6 Rg8 37.Qd2 Qxd2 38.Rxd2 Rh8 39.Rh3 Nc7 40.Rf2 Rh7 41.g4 Nd5 42.Rhf3
Kb8 43.Rxf7 Rdxf7 44.Rxf7 Rxf7 45.Nxf7 {#r} 1-0

[Event "It (cat.10)"]
[Site "London (England)"]
[Round "5"]
[White "McDonald Neil R (ENG)"]
[Black "Kumaran Dharshan (ENG)"]
[Result "0-1"]
[WhiteElo "2490"]
[BlackElo "2490"]

1.e4 c6 2.d4 d5 3.Nd2 dxe4 4.Nxe4 Bf5 5.Ng3 Bg6 6.h4 h6 7.f4 e6 8.Nf3 Nd7 9.h5
Bh7 10.Bd3 Bxd3 11.Qxd3 Ngf6 12.Bd2 c5 13.O-O-O Qc7 14.dxc5 Bxc5 15.Ne4 O-O-O
16.Qe2 Nxe4 17.Qxe4 Rhe8 18.c4 f5 19.Qc2 Nf6 20.b4 Bd6 21.g3 Ne4 22.c5 Be7
23.Qa4 Nf2 24.Qxa7 Nxh1 25.Rxh1 Qc6 26.Qa8+ Kc7 27.Qa5+ Kb8 28.Rf1 Bf6 29.Ne1
Qd5 30.Rf2 Qd4 31.Rg2 Qb2+ 32.Kd1 Bc3 33.Nf3 Qb1+ 34.Ke2 Qd3+ {#R} 0-1

[Event "Ch Slovakia (team) 1996/97 (2 liga)"]
[Site "Slovakia"]
[Round "4"]
[White "Malar Pavol (SVK)"]
[Black "Jakubek Peter (SVK)"]
[Result "1/2-1/2"]
[WhiteElo "2102"]
[BlackElo "2144"]

1.e4 c6 2.d4 d5 3.Nc3 dxe4 4.Nxe4 Bf5 5.Ng3 Bg6 6.h4 h6 7.f4 e6 8.h5 Bh7 9.Nf3
Bd6 10.Bd3 Bxd3 11.Qxd3 Nf6 12.Ne5 Nbd7 13.Bd2 c5 14.Bc3 cxd4 15.Bxd4 Qa5+
16.Bc3 Qc7 17.Ne4 Nxe4 18.Qxe4 Nxe5 19.fxe5 Be7 20.O-O O-O 21.Rf3 Rac8 22.Qg4
Qc4 23.Rf4 Qc5+ 24.Kh1 Bg5 25.Rf3 Rfd8 26.Raf1 Qc4 27.Qxc4 Rxc4 28.g3 Rd7
29.Rd3 Rxd3 30.cxd3 Rc7 31.Kg2 Kf8 32.Kf3 Ke8 33.Ke4 Rd7 34.Bd4 b6 35.Rf2 Ke7
36.Be3 Bxe3 37.Kxe3 Rc7 38.Kd2 Rc5 39.d4 Rc4 40.Kd3 Rc1 41.Rc2 Rd1+ 42.Ke3 Kd7
43.Rf2 Ke8 44.Rc2 Rg1 45.Kf2 Ra1 46.a3 Kd7 47.Ke3 Rf1 48.g4 f6 49.b4 Rg1
50.Kf4 Re1 51.Rc3 Rf1+ 52.Ke4 a6 53.Rc2 f5+ 54.gxf5 Rxf5 55.d5 Rxh5 56.dxe6+
Kxe6 57.Rc6+ Kf7 58.Rxb6 Rh4+ 59.Kd5 g5 60.Rxa6 g4 61.Rf6+ Kg7 62.Rf4 h5 63.e6
Rh1 64.e7 Re1 65.Kd6 Rd1+ 66.Kc7 Re1 67.Kd8 g3 68.Rf3 h4 69.Rf4 Kg6 70.Rxh4
{#d} 1/2-1/2

[Event "Memorial M.Chigorin"]
[Site "St. Petersburg (Russia)"]
[Round "8"]
[White "Loskutov Oleg (RUS)"]
[Black "Malyshev Igor (RUS)"]
[Result "1/2-1/2"]
[WhiteElo "2375"]
[BlackElo "2300"]

1.e4 c6 2.d4 d5 3.Nc3 dxe4 4.Nxe4 Bf5 5.Ng3 Bg6 6.h4 h6 7.f4 e6 8.Nf3 Nd7 9.h5
Bh7 10.Bd3 Bxd3 11.Qxd3 Qc7 12.Ne5 c5 13.Be3 Ngf6 14.O-O-O Be7 15.Nxd7 Nxd7
16.d5 exd5 17.Qxd5 Nb6 18.Qe5 Qxe5 19.fxe5 Nc4 20.Bf4 O-O 21.Rd7 Rfe8 22.Nf5
Bf8 23.Re1 b5 24.b3 Nb6 25.Rb7 c4 26.Kb2 Nd5 27.Bg3 a6 28.Rd1 c3+ 29.Kb1 Nb4
30.Rf1 Rad8 31.a3 Nd5 32.Rd1 f6 33.Nd6 Re7 34.Rxe7 Nxe7 35.Rd3 fxe5 36.Bxe5
Nc6 37.Bf4 b4 38.axb4 Nxb4 39.Rd4 Nc6 40.Rd1 Nb4 41.g3 Nc6 42.Rd3 Nb4 43.Rd4
Nc6 44.Rc4 Na5 45.Rc8 Rxc8 46.Nxc8 Kf7 47.Be5 Bb4 48.Na7 g6 49.g4 gxh5 50.gxh5
Ke6 51.Bg7 Kf5 52.Bxh6 Kg4 53.Be3 Kxh5 54.Bb6 Kg4 55.Bxa5 Bxa5 56.Nc6 Bc7
57.b4 Kf3 58.Ka2 Ke4 59.Kb3 Kd5 60.Ne7+ Ke4 61.Ng6 Kd5 62.Nh4 Kc6 63.Nf5 Be5
64.Kc4 Kb6 65.Ne7 Kb7 66.Nd5 Kc6 67.Nxc3 Bd6 68.Ne4 Be7 69.Nd2 Bd6 70.Nb3 Bf8
71.Nd2 Bd6 72.Nb3 Bf8 73.Na5+ Kb6 74.Kb3 Kb5 75.c4+ Kb6 76.Ka4 Be7 77.Nb3 Bd8
78.Nd4 Be7 79.Ne6 Kc6 80.Kb3 Kd7 81.Nd4 Kc7 82.Nf5 Bf8 83.Ne3 Kc6 84.Ka4 Be7
85.Nd5 Bd8 86.Nf4 Kb6 87.Nd3 Bg5 88.Ne5 Bd8 89.c5+ Kc7 90.Kb3 Bf6 91.Nd3 Kc6
92.Kc4 Bg7 93.Nf4 Bf6 94.Ne6 Bh4 95.Nd4+ Kc7 96.Kb3 Bf2 97.Nf3 a5 {#d} 1/2-1/2

[Event "Tournament (team)"]
[Site "Staffordshire (England)"]
[Round "5"]
[White "Sindik Ervin (CRO)"]
[Black "Hunt Harriet (ENG)"]
[Result "1-0"]
[WhiteElo "2355"]
[BlackElo "2360"]

1.e4 c6 2.d4 d5 3.Nc3 dxe4 4.Nxe4 Bf5 5.Ng3 Bg6 6.h4 h6 7.f4 e6 8.Nf3 Nd7 9.h5
Bh7 10.Bd3 Bxd3 11.Qxd3 Qc7 12.Bd2 O-O-O 13.Qe2 Ngf6 14.Ne5 Nxe5 15.dxe5 Nd7
16.O-O-O Be7 17.Be3 Kb8 18.Ne4 Nb6 19.c4 c5 20.b3 Nc8 21.Kc2 b6 22.Bd2 a6
23.Bc3 Ka7 24.g4 Rxd1 25.Rxd1 Rd8 26.Rxd8 Qxd8 27.f5 Qd7 28.f6 Bf8 29.fxg7
Bxg7 30.Nf6 Qc6 31.Qe4 Kb7 32.Qh7 Bxf6 33.exf6 Qg2+ 34.Bd2 Nd6 35.Qxh6 Qe4+
36.Kb2 Qd4+ 37.Kc2 Qe4+ 38.Kc1 Qxg4 39.Qf4 Qxf4 40.Bxf4 Ne4 41.Be5 Kc6 42.Kc2
Ng5 43.Kd3 Nh7 44.Ke3 Ng5 45.Kf4 Nh7 46.Bb2 Kd6 47.Bc3 Kc6 48.Ke5 a5 49.Bd2
Kd7 50.a3 Kc6 51.Bf4 Kd7 52.Bh6 Kc6 53.Bd2 Nf8 54.Bc3 Nh7 55.Bd2 Nf8 56.Bc3
Nh7 57.Bd2 {#r} 1-0

[Event "It (open) \"]
[Site "Berlin (Germany)"]
[Round "5"]
[White "Brynell Stellan (SWE)"]
[Black "Mittelman Gur (ISR)"]
[Result "0-1"]
[WhiteElo "2485"]
[BlackElo "2410"]

1.e4 c6 2.d4 d5 3.Nc3 dxe4 4.Nxe4 Bf5 5.Ng3 Bg6 6.h4 h6 7.f4 e6 8.Nf3 Nd7 9.h5
Bh7 10.Bd3 Bxd3 11.Qxd3 Ngf6 12.Bd2 Qc7 13.Ne5 c5 14.O-O-O cxd4 15.Qxd4 Bc5
16.Qc4 Nxe5 17.fxe5 Qxe5 18.Qb5+ Nd7 19.Qxb7 O-O 20.Qf3 Rab8 21.c3 Ba3 22.Bf4
Qb5 23.Rxd7 Bxb2+ 24.Kc2 Qa4+ 25.Kb1 Qxd7 26.Bxb8 Rxb8 {#R} 0-1

[Event "It (open)"]
[Site "Cannes (France)"]
[Round "2"]
[White "Berthelot Yannick (FRA)"]
[Black "Giffard Nicolas (FRA)"]
[Result "1-0"]
[WhiteElo "2310"]
[BlackElo "2375"]

1.e4 c6 2.d4 d5 3.Nc3 dxe4 4.Nxe4 Bf5 5.Ng3 Bg6 6.h4 h6 7.f4 e6 8.Nf3 Nd7 9.h5
Bh7 10.Bd3 Bxd3 11.Qxd3 Qc7 12.Bd2 Ngf6 13.O-O-O Bd6 14.Ne5 c5 15.Kb1 cxd4
16.Nxd7 Qxd7 17.Qxd4 Qc6 18.Bb4 Bxb4 19.Qxb4 Rc8 20.Rd2 Nd5 21.Qa3 Qc5 22.Qxc5
Rxc5 23.Ne4 Rc7 24.c4 Nxf4 25.g3 Ke7 26.gxf4 Rxc4 27.Re1 f5 28.Nc3 Rd8 29.Rxd8
Kxd8 30.Rxe6 Rxf4 31.Rg6 Rg4 32.Rxg4 fxg4 33.Ne4 Ke7 34.Kc2 Ke6 35.Kd3 b6
36.Ke3 Kf5 37.b4 Ke5 38.Ng3 a5 39.b5 a4 40.a3 Kd5 41.Nf5 Kc4 42.Nd6+ Kc5
43.Ne8 Kxb5 44.Nxg7 Kc4 45.Nf5 b5 46.Nxh6 b4 47.Kd2 g3 48.Nf5 g2 49.Ne3+ Kb3
50.Nxg2 Kxa3 51.h6 b3 52.Ne3 Ka2 53.h7 b2 54.Nd1 {#r} 1-0

[Event "Extra League 1998/99"]
[Site "Czech Republic"]
[Round "2"]
[White "Pacl Vaclav (CZE)"]
[Black "Kupka Slavoj (CZE)"]
[Result "1/2-1/2"]
[WhiteElo "2260"]
[BlackElo "2325"]

1.e4 c6 2.d4 d5 3.Nc3 dxe4 4.Nxe4 Bf5 5.Ng3 Bg6 6.h4 h6 7.f4 e6 8.h5 Bh7 9.Nf3
Nd7 10.Bd3 Bxd3 11.Qxd3 Ngf6 12.Bd2 Qc7 13.Qe2 c5 14.O-O-O Bd6 15.Rh4 O-O
16.Ne4 Nxe4 17.Qxe4 Nf6 18.Qe2 Rac8 19.Kb1 cxd4 20.Nxd4 {#d} 1/2-1/2

[Event "It (open) \"]
[Site "Hawaii (USA)"]
[Round "2"]
[White "Bhat Vinay S (USA)"]
[Black "Woods Dana (USA)"]
[Result "1-0"]
[WhiteElo "2235"]
[BlackElo "2065"]

1.e4 c6 2.d4 d5 3.Nd2 dxe4 4.Nxe4 Bf5 5.Ng3 Bg6 6.h4 h6 7.f4 e6 8.Nf3 Bd6 9.h5
Bh7 10.Bd3 Bxd3 11.Qxd3 Nf6 12.Bd2 Nbd7 13.O-O-O Qc7 14.Ne5 c5 15.Rhf1 cxd4
16.Nxd7 Qxd7 17.Qxd4 Qc7 18.Ne4 Nxe4 19.Qxe4 Qc6 20.Qd4 Rg8 21.f5 e5 22.Qg4
Rc8 23.Bc3 f6 24.Rf3 Bc5 25.Rfd3 Ke7 26.Rd5 b6 27.Kb1 a5 28.R5d2 Rc7 29.Qh4
Be3 30.Rd3 Bf4 31.Qe1 Rgc8 32.g3 Bg5 33.Ka1 Qc4 34.Rd4 Qc6 35.R4d3 Qc4 36.Rd6
Qc5 37.Re6+ Kf7 38.Rdd6 Rc6 39.Rd7+ Kf8 40.Qd1 Rxe6 41.fxe6 Qc6 42.e7+ Ke8
43.Rd6 Qb7 44.Qd5 {#r} 1-0

[Event "Ch Hungary (team) 1998/99 (2 liga)"]
[Site "Hungary"]
[Round "0"]
[White "Czegledi Laszlo (HUN)"]
[Black "Csiszar Zoltan (HUN)"]
[Result "0-1"]
[WhiteElo "2143"]
[BlackElo "2272"]

1.e4 c6 2.d4 d5 3.Nc3 dxe4 4.Nxe4 Bf5 5.Ng3 Bg6 6.h4 h6 7.f4 e6 8.Nf3 Nd7
9.Bc4 Bd6 10.Ne5 Ne7 11.h5 Bh7 12.Qg4 O-O 13.Nxf7 Rxf7 14.Qxe6 Nb6 15.Qxf7+
Kh8 16.Qe6 Bg8 17.Qe4 Bxc4 18.Bd2 Bd5 19.Qe2 Nc4 20.O-O Nxb2 21.Qg4 Nc4 22.Bc1
Qc7 23.Rb1 Rf8 24.Rb3 Ng8 25.f5 Nf6 26.Qh4 Nb6 27.Re3 Bc4 28.Rfe1 Nbd5 29.Rf3
Bxa2 30.Bd2 Bc4 31.Nf1 c5 32.g4 cxd4 33.g5 Ng8 34.gxh6 gxh6 35.Qxd4+ Qg7+
36.Qxg7+ Kxg7 37.Re6 Rf6 38.Re8 Nge7 39.Ne3 Nxe3 40.Bxe3 Nxf5 41.Bxa7 Bf7
42.Rd8 Be5 43.Rd7 b5 44.Bb6 Nd6 45.Re3 Nc4 46.Rxe5 Nxe5 47.Rb7 Rd6 {#R} 0-1

[Event "Ch Hungary (team) 1998/99 (2 liga)"]
[Site "Hungary"]
[Round "0"]
[White "Sinka Istvan (HUN)"]
[Black "Balogh Sandor (HUN)"]
[Result "1-0"]
[WhiteElo "2297"]
[BlackElo "2164"]

1.e4 c6 2.d4 d5 3.Nc3 dxe4 4.Nxe4 Bf5 5.Ng3 Bg6 6.h4 h6 7.f4 e6 8.Nf3 Nf6
9.Ne5 Bh7 10.c3 Nbd7 11.Bc4 Be7 12.O-O O-O 13.Qe2 Nd5 14.h5 N7b6 15.Bb3 c5
16.f5 cxd4 17.fxe6 f6 18.Nf7 Qc7 19.Qg4 Rxf7 20.exf7+ Kxf7 21.cxd4 Rd8 22.Nf5
Bf8 23.Bd2 Qd7 24.Rae1 Qb5 25.Nxg7 Bxg7 26.Qe6+ Kf8 27.Bxh6 f5 28.Bxg7+ Kxg7
29.h6+ Kf8 30.Rxf5+ Bxf5 31.Qxf5+ {#r} 1-0

[Event "Ch Poland (juniors) (under 12)"]
[Site "Krynica (Poland)"]
[Round "0"]
[White "Adamski Michal (POL)"]
[Black "Wojtaszek Radoslaw (POL)"]
[Result "1/2-1/2"]
[WhiteElo "2194"]
[BlackElo "2704"]

1.e4 c6 2.d4 d5 3.Nc3 dxe4 4.Nxe4 Bf5 5.Ng3 Bg6 6.h4 h6 7.f4 e6 8.Nf3 Nd7 9.h5
Bh7 10.Bd3 Bxd3 11.Qxd3 Ngf6 12.Bd2 Qc7 13.O-O-O O-O-O 14.Qe2 c5 15.Ne5 Nb6
16.dxc5 Bxc5 17.Ne4 Bd4 18.Bb4 Nxe4 19.Qxe4 f5 20.Qe2 Rhe8 21.Rhe1 Rd5 22.g3
a5 23.Ba3 Bxe5 24.fxe5 Nc4 25.Bd6 Nxd6 26.exd6 Qxd6 27.Rxd5 Qxd5 28.Rd1 Qxa2
29.Rd3 e5 30.Rc3+ Kb8 31.Qb5 Qe6 32.Qxa5 Rc8 33.Ra3 Rc7 {#d} 1/2-1/2

[Event "It (open)"]
[Site "Krynica (Poland)"]
[Round "0"]
[White "Kislov Mikhail (RUS)"]
[Black "Ehrenfeucht Wojciech (POL)"]
[Result "1-0"]
[WhiteElo "2385"]
[BlackElo "2335"]

1.e4 c6 2.d4 d5 3.Nd2 dxe4 4.Nxe4 Bf5 5.Ng3 Bg6 6.h4 h6 7.f4 e6 8.Nf3 Nd7 9.h5
Bh7 10.Bd3 Bxd3 11.Qxd3 Qc7 12.Ne5 Ngf6 13.Bd2 c5 14.O-O-O cxd4 15.Rhe1 Rc8
16.Kb1 Bd6 17.Ng6 Nc5 18.Qb5+ Qd7 19.Qxd7+ Kxd7 20.Nxh8 Rxh8 21.Bb4 Nd5
22.Bxc5 Bxc5 23.Ne4 Bb6 24.c4 Nxf4 25.c5 Bc7 26.Rxd4+ Kc6 27.Nd6 Nxg2 28.Nxf7
Nxe1 29.Nxh8 Nf3 30.Rd1 e5 31.Ng6 e4 32.Kc2 Ba5 33.a3 Ne1+ 34.Kb1 Nd3 35.b4
Bd8 36.Ne5+ Nxe5 37.Rxd8 a5 38.Kc2 axb4 39.axb4 Nd3 40.Rd6+ Kc7 41.Rxd3 exd3+
42.Kxd3 Kc6 43.Kd4 Kd7 44.Kd5 Ke7 45.b5 Kd7 46.Ke5 Ke7 47.Kf5 {#r} 1-0

[Event "It (open)"]
[Site "Malme (Sweden)"]
[Round "3"]
[White "Brynell Stellan (SWE)"]
[Black "Fomani Mehdi"]
[Result "1-0"]
[WhiteElo "2485"]
[BlackElo "1450"]

1.e4 c6 2.d4 d5 3.Nc3 dxe4 4.Nxe4 Bf5 5.Ng3 Bg6 6.h4 h6 7.f4 e6 8.Nf3 Nd7 9.h5
Bh7 10.Bd3 Bxd3 11.Qxd3 Bd6 12.Bd2 Qc7 13.Ne5 Bxe5 14.dxe5 O-O-O 15.Qa3 Kb8
16.O-O-O f5 17.Bb4 Ka8 18.Rd3 Nb6 19.Rxd8+ Qxd8 20.Rd1 Qe8 21.Ba5 Kb8 22.Qc5
Ne7 23.Qd6+ Ka8 24.Bxb6 axb6 25.Rd3 Nc8 26.Qc7 Na7 27.Qxg7 Qg8 28.Qc7 b5
29.Rd7 Qc8 30.Qxc8+ Nxc8 31.Ne2 Kb8 32.g3 Re8 33.Rh7 Ne7 34.Rxh6 Nd5 35.Nd4
{#r} 1-0

[Event "Ch World (juniors) (under 14)"]
[Site "Marina d'Or (Spain)"]
[Round "8"]
[White "Bhat Vinay S (USA)"]
[Black "Izoria Zviad (GEO)"]
[Result "1/2-1/2"]
[WhiteElo "2235"]
[BlackElo "2250"]

1.e4 c6 2.d4 d5 3.Nd2 dxe4 4.Nxe4 Bf5 5.Ng3 Bg6 6.h4 h6 7.f4 e6 8.Nf3 Nd7 9.h5
Bh7 10.Bd3 Bxd3 11.Qxd3 Ngf6 12.Bd2 c5 13.O-O-O Qc7 14.Ne5 cxd4 15.Qxd4 Bc5
16.Qc4 O-O 17.Nxd7 Nxd7 18.Ne4 Rfc8 19.Qd3 Be7 20.Kb1 Nf6 21.Nxf6+ Bxf6 22.g4
Rd8 23.Qe2 Rd5 24.Bc1 Rad8 25.Rdg1 Qc5 26.c4 R5d6 27.g5 hxg5 28.fxg5 Bd4
29.Rf1 R8d7 30.g6 f5 31.h6 gxh6 32.Rxh6 Bg7 33.Rh4 Qe5 34.Qc2 Qg3 35.Rh2 Qd3
36.Qxd3 Rxd3 37.Re2 R7d6 38.Bf4 Rd1+ 39.Kc2 Rxf1 40.Bxd6 Bf6 41.Rxe6 Kg7
42.Be5 Bxe5 43.Rxe5 Kf6 44.Rd5 Rf2+ 45.Kc3 f4 46.Rd6+ Kg7 47.Rd7+ Kxg6 48.Rxb7
f3 49.Kd3 {#d} 1/2-1/2

[Event "Ch France (play-off)"]
[Site "Meribel (France)"]
[Round "1"]
[White "Fressinet Laurent (FRA)"]
[Black "Hauchard Arnaud (FRA)"]
[Result "1/2-1/2"]
[WhiteElo "2455"]
[BlackElo "2500"]

1.e4 c6 2.d4 d5 3.Nc3 dxe4 4.Nxe4 Bf5 5.Ng3 Bg6 6.h4 h6 7.f4 e6 8.Nf3 Nd7 9.h5
Bh7 10.Bd3 Bxd3 11.Qxd3 Ngf6 12.Bd2 Bd6 13.Ne5 c5 14.O-O-O Qc7 15.Nxd7 Qxd7
16.dxc5 Bxc5 17.Qxd7+ Kxd7 18.f5 Kc6 19.fxe6 fxe6 20.Rhe1 Rhe8 21.Ne4 Be7
22.Nxf6 Bxf6 23.Be3 a6 24.Rd3 Rad8 25.Red1 {#d} 1/2-1/2

[Event "Ch Milanowek"]
[Site "Milanowek (Poland)"]
[Round "0"]
[White "Kadziolka Beata (POL)"]
[Black "Rudolf Michal (POL)"]
[Result "0-1"]
[WhiteElo "2286"]
[BlackElo "2195"]

1.e4 c6 2.d4 d5 3.Nc3 dxe4 4.Nxe4 Bf5 5.Ng3 Bg6 6.h4 h6 7.f4 e6 8.Nf3 Nd7 9.c3
Ngf6 10.h5 Bh7 11.Bd3 Bxd3 12.Qxd3 Bd6 13.Ne5 Bxe5 14.fxe5 Nxe5 15.Qe2 Ned7
16.Nf5 O-O 17.Ne3 c5 18.Bd2 Ne4 19.O-O-O Ng3 20.Qf3 Nxh1 21.Rxh1 cxd4 22.cxd4
Qf6 23.Qg4 Rac8+ 24.Kb1 Qf2 25.Rd1 Nf6 26.Qh3 Qe2 27.Qh1 Ne4 {#R} 0-1

[Event "Ch India"]
[Site "Muzaffapur (India)"]
[Round "0"]
[White "Prasad Devaki V (IND)"]
[Black "Ravi Lanka (IND)"]
[Result "1/2-1/2"]
[WhiteElo "2405"]
[BlackElo "2400"]

1.e4 c6 2.d4 d5 3.Nd2 dxe4 4.Nxe4 Bf5 5.Ng3 Bg6 6.h4 h6 7.f4 e6 8.Nf3 Nd7 9.h5
Bh7 10.Bd3 Bxd3 11.Qxd3 Qc7 12.Bd2 O-O-O 13.Qe2 Ndf6 14.O-O-O Ne7 15.Ne5 Nf5
16.Nxf5 exf5 17.Be3 Bd6 18.Kb1 Rhe8 19.Qf3 Nd5 20.Bc1 f6 21.Ng6 b5 22.Rhe1 Qd7
23.Nh4 Bc7 24.g3 Ba5 25.Rxe8 {#d} 1/2-1/2